000 00530nam a2200217 a 4500
005 20210219152848.0
008 991125n 000 0 eng u
035 _aUPN01000063778
100 _aBacheller, Martin A.
222 0 _aGRADE TEACHER
245 0 _aAmap teaches more than just geography
300 _a56-67
362 _a1968 (oct.)
653 0 _aAFRICA
653 0 _aAUXILIARES AUDIOVISUALES
653 0 _aENSEƑANZA
653 0 _aGEOGRAFIA
653 0 _aMAPAS
904 _aAC
_b001589
905 _aArticulo
999 _c62288
_d62288